000 00637cam a22002173a 4500
001 38647
003 PGUSA
005 20140828083843.0
008 120123s2012||||xxu|||||s|||||000 | eng d
040 _aPGUSA
_beng
042 _adc
100 1 _aMarshall, Archibald,
_d1866-1934
245 1 4 _aThe Honour of the Clintons
_h[electronic resource] /
_cArchibald Marshall
260 _bProject Gutenberg,
_c2012
500 _aSequel to: The Eldest Son, #38646.
506 _aPublic domain in the USA.
516 _aElectronic text
830 0 _aProject Gutenberg
_v38647
856 4 0 _uhttp://www.gutenberg.org/ebooks/38647
942 _cEB
999 _c267901
_d267901